000 00801cam a2200265 4500
001 E132179
008 010726n2005 000 0 eng u
020 _a1904388442
035 _a(Sirsi) u132179
100 _aDixon, T.
245 _aE-property = E-business + E-commerce - property, professional services and the new digital economy
_ba CPD study pack
260 _aOxford
_bCollege of Estate Management
_c2005
350 _a50.00
490 _aCollege of Estate Management CPD Study Pack
650 _aPROPERTY-COMMERCIAL PROPERTY
650 _aEBUSINESS
650 _aE-COMMERCE
650 _aE-PROPERTY
650 _aINDUSTRIAL SECTOR
650 _aOFFICE SECTOR
650 _aRETAIL SECTOR
690 _aMANAGEMENT-BUSINESS MANAGEMENT
700 _aMarston, A.
942 _n0
999 _c105051
_d105051